[Event "5. Copenhagen Open Politiken Cup"]
[Site "Hvidovre"]
[Date "1983.??.??"]
[Round "5"]
[White "Lechtynsky, Jiri"]
[Black "Jakobsen, Ole"]
[Result "1/2-1/2"]
[WhiteElo "2475"]
[BlackElo "2440"]
[PlyCount "59"]
[EventDate "1983.??.??"]
[EventType "tourn"]
[EventRounds "9"]
[EventCountry "DEN"]
[EventCategory "9"]
[SourceDate "2004.01.01"]

1. Nf3 Nf6 2. d4 e6 3. c4 c5 4. d5 exd5 5. cxd5 d6 6. Nc3 g6 7. Bg5 Bg7 8. e3
h6 9. Bh4 g5 10. Bg3 Nh5 11. Nd2 Nxg3 12. hxg3 Nd7 13. Qc2 O-O 14. Nc4 Nb6 15.
Nxb6 Qxb6 16. O-O-O Qa5 17. e4 Re8 18. Bd3 Bd7 19. f4 c4 20. Be2 b5 21. e5 b4
22. Ne4 Ba4 23. b3 cxb3 24. axb3 dxe5 25. fxg5 Rec8 26. Bc4 Rxc4 27. Qxc4 Bb5
28. Qc2 Qa1+ 29. Kd2 Qd4+ 30. Kc1 1/2-1/2

[Event "5. Copenhagen Open Politiken Cup"]
[Site "Hvidovre"]
[Date "1983.??.??"]
[Round "8"]
[White "Mortensen, Erling"]
[Black "Wedberg, Tom"]
[Result "1/2-1/2"]
[WhiteElo "2435"]
[BlackElo "2495"]
[PlyCount "66"]
[EventDate "1983.??.??"]
[EventType "tourn"]
[EventRounds "9"]
[EventCountry "DEN"]
[EventCategory "9"]
[SourceDate "2004.01.01"]

1. e4 e5 2. Nf3 Nc6 3. Bb5 f5 4. Nc3 fxe4 5. Nxe4 Nf6 6. Qe2 d5 7. Nxf6+ gxf6
8. d4 Bg7 9. c4 a6 10. Ba4 Bg4 11. dxe5 O-O 12. cxd5 Nxe5 13. Be3 c5 14. Bb3
Rc8 15. Rc1 f5 16. O-O Qe8 17. d6+ Kh8 18. Rfe1 Bxf3 19. gxf3 Qh5 20. Bd5 b6
21. Rcd1 Rcd8 22. Bf4 Ng6 23. Qd2 Nxf4 24. Qxf4 Qg6+ 25. Kh1 Qxd6 26. Qh4 Qf6
27. Qxf6 Bxf6 28. b3 Bd4 29. Bb7 Bxf2 30. Rxd8 Rxd8 31. Re6 Rd1+ 32. Kg2 Bd4
33. Bxa6 Kg7 1/2-1/2

[Event "5. Copenhagen Open Politiken Cup"]
[Site "Hvidovre"]
[Date "1983.??.??"]
[Round "2"]
[White "Mortensen, Erling"]
[Black "Jakobsen, Ole"]
[Result "1/2-1/2"]
[WhiteElo "2435"]
[BlackElo "2440"]
[PlyCount "47"]
[EventDate "1983.??.??"]
[EventType "tourn"]
[EventRounds "9"]
[EventCountry "DEN"]
[EventCategory "9"]
[SourceDate "2004.01.01"]

1. e4 c5 2. Nc3 d6 3. Nge2 Nf6 4. g3 g6 5. Bg2 Bg7 6. d3 Nc6 7. h3 Qd7 8. O-O
b6 9. Be3 Bb7 10. Qd2 O-O 11. Bh6 Bxh6 12. Qxh6 Ne8 13. Qd2 Rc8 14. d4 Nxd4 15.
Nxd4 cxd4 16. Qxd4 Rc5 17. Rac1 Nf6 18. Nd5 Bxd5 19. exd5 Rfc8 20. c3 b5 21.
Rfe1 a5 22. Rc2 Qb7 23. Rce2 R8c7 24. a3 1/2-1/2

[Event "5. Copenhagen Open Politiken Cup"]
[Site "Hvidovre"]
[Date "1983.??.??"]
[Round "4"]
[White "Mortensen, Erling"]
[Black "Lechtynsky, Jiri"]
[Result "1/2-1/2"]
[WhiteElo "2435"]
[BlackElo "2475"]
[PlyCount "103"]
[EventDate "1983.??.??"]
[EventType "tourn"]
[EventRounds "9"]
[EventCountry "DEN"]
[EventCategory "9"]
[SourceDate "2004.01.01"]

1. e4 e6 2. d4 d5 3. Nd2 c5 4. exd5 Qxd5 5. Ngf3 cxd4 6. Bc4 Qd6 7. O-O Nf6 8.
Nb3 Nc6 9. Nbxd4 Nxd4 10. Nxd4 a6 11. Bb3 Qc7 12. Re1 Bd6 13. Nf5 Bxh2+ 14. Kh1
O-O 15. Nxg7 Kxg7 16. Qd4 e5 17. Qh4 Ng4 18. Bh6+ Nxh6 19. Qg5+ Kh8 20. Qf6+
Kg8 21. Qg5+ Kh8 22. Qxh6 Be6 23. Qf6+ Kg8 24. Kxh2 Bxb3 25. axb3 e4+ 26. Kg1
Rfe8 27. Ra4 Rad8 28. Rc4 Qd6 29. Qg5+ Qg6 30. Qf4 Re7 31. Rexe4 Rxe4 32. Rxe4
Rd1+ 33. Kh2 Qh5+ 34. Kg3 Qg6+ 35. Kf3 Qh5+ 36. Qg4+ Qxg4+ 37. Rxg4+ Kf8 38.
Rb4 Rd2 39. c4 b5 40. cxb5 a5 41. Ra4 Rd3+ 42. Ke4 Rxb3 43. Rxa5 Rxb2 44. Kd5
Rxf2 45. b6 Rf5+ 46. Kc6 Rxa5 47. b7 Ra6+ 48. Kb5 Rg6 49. b8=Q+ Kg7 50. Qe5+
Kg8 51. Qe4 Re6 52. Qf4 1/2-1/2

[Event "5. Copenhagen Open Politiken Cup"]
[Site "Hvidovre"]
[Date "1983.??.??"]
[Round "9"]
[White "Wedberg, Tom"]
[Black "Jakobsen, Ole"]
[Result "1-0"]
[WhiteElo "2495"]
[BlackElo "2440"]
[PlyCount "57"]
[EventDate "1983.??.??"]
[EventType "tourn"]
[EventRounds "9"]
[EventCountry "DEN"]
[EventCategory "9"]
[SourceDate "2004.01.01"]

1. e4 c5 2. Nf3 d6 3. d4 cxd4 4. Nxd4 Nf6 5. Nc3 a6 6. Bg5 e6 7. f4 Qb6 8. Qd2
Qxb2 9. Rb1 Qa3 10. Be2 Nbd7 11. O-O Qa5 12. f5 e5 13. Ne6 fxe6 14. fxe6 Be7
15. exd7+ Bxd7 16. Rxb7 Qc5+ 17. Kh1 Qc6 18. Bxf6 Bxf6 19. Bh5+ g6 20. Rbb1 O-O
21. Nd5 Bh4 22. Bxg6 Qc4 23. Bf5 Bxf5 24. exf5 Rab8 25. Rbd1 Rb2 26. f6 Qxc2
27. Ne7+ Kf7 28. Qd5+ Ke8 29. f7+ 1-0

[Event "5. Copenhagen Open Politiken Cup"]
[Site "Hvidovre"]
[Date "1983.??.??"]
[Round "4"]
[White "Wedberg, Tom"]
[Black "Kudrin, Sergey"]
[Result "0-1"]
[WhiteElo "2495"]
[BlackElo "2510"]
[PlyCount "114"]
[EventDate "1983.??.??"]
[EventType "tourn"]
[EventRounds "9"]
[EventCountry "DEN"]
[EventCategory "9"]
[SourceDate "2004.01.01"]

1. e4 c5 2. Nf3 d6 3. d4 cxd4 4. Nxd4 Nf6 5. Nc3 g6 6. Be3 Bg7 7. f3 O-O 8. Qd2
Nc6 9. O-O-O d5 10. exd5 Nxd5 11. Nxc6 bxc6 12. Bd4 e5 13. Bc5 Re8 14. Nxd5
cxd5 15. Qxd5 Qxd5 16. Rxd5 Be6 17. Rd6 Bxa2 18. Bd3 Bh6+ 19. Kd1 Rab8 20. b3
Rec8 21. Bxa7 Rb7 22. Bb6 Bxb3 23. Ke2 Bxc2 24. Ba6 Bb3 25. Bxb7 Rc2+ 26. Ke1
Rc1+ 27. Kf2 Rxh1 28. Rd8+ Kg7 29. Bc5 Rxh2 30. Bc8 Rh1 31. Bf8+ Kf6 32. Rd6+
Be6 33. Bxh6 Rxh6 34. Bxe6 fxe6 35. Rd8 Rh1 36. Rf8+ Kg7 37. Re8 Kf7 38. Rh8 h5
39. Ra8 Rb1 40. Ra7+ Kf6 41. Ra4 Rb2+ 42. Kg3 Re2 43. Kh4 Kf5 44. Ra8 Kf6 45.
Ra4 Rd2 46. Kg3 Rd4 47. Ra8 e4 48. f4 e3 49. Kf3 e2 50. Kxe2 Rxf4 51. Ke3 Rb4
52. Rf8+ Kg5 53. Re8 Kf5 54. Rf8+ Kg4 55. Rf6 g5 56. Rxe6 Kg3 57. Re5 Rg4 0-1

[Event "5. Copenhagen Open Politiken Cup"]
[Site "Hvidovre"]
[Date "1983.??.??"]
[Round "7"]
[White "Wedberg, Tom"]
[Black "Hamann, Svend"]
[Result "1/2-1/2"]
[WhiteElo "2495"]
[BlackElo "2435"]
[PlyCount "101"]
[EventDate "1983.??.??"]
[EventType "tourn"]
[EventRounds "9"]
[EventCountry "DEN"]
[EventCategory "9"]
[SourceDate "2004.01.01"]

1. e4 c5 2. Nf3 e6 3. d4 cxd4 4. Nxd4 Nf6 5. Nc3 d6 6. f4 a6 7. Bd3 Qc7 8. Nf3
Be7 9. O-O b5 10. e5 dxe5 11. fxe5 Nfd7 12. Qe1 Nc6 13. Qg3 g6 14. Bg5 Nc5 15.
Bxe7 Nxe7 16. Ng5 Nf5 17. Qf4 h5 18. Nce4 Nxe4 19. Nxe4 Bb7 20. Nd6+ Nxd6 21.
exd6 Qc5+ 22. Kh1 O-O 23. Rae1 Rad8 24. Re5 Qxd6 25. Qf6 Qc6 26. Rg5 e5 27.
Qxc6 Bxc6 28. Rxe5 Rfe8 29. Rfe1 Rxe5 30. Rxe5 Bd5 31. b3 Kg7 32. Re7 Kf6 33.
Ra7 Ra8 34. Rxa8 Bxa8 35. b4 Bd5 36. Kg1 Ke5 37. c3 Bxa2 38. g3 Bc4 39. Bc2 g5
40. Kf2 h4 41. gxh4 gxh4 42. Ke3 f5 43. Kf3 Bd5+ 44. Ke3 f4+ 45. Kf2 Kf6 46.
Bd3 f3 47. Ke3 Kg5 48. Bc2 Kg4 49. Bd3 Kh3 50. Kf2 Kxh2 51. Bf5 1/2-1/2